000 01495cam a22004334i 4500
003 PE-LiUPU
005 20250731173146.0
008 150623s r 000 0 d
035 _a(Sirsi) a27943
040 _aPE-LiUPU
_bspa
_cPE-LiUPU
_erda
082 0 4 _a232
_bE23V
_221
100 1 _aAlfred, Edersheim,
_eautor.
245 1 3 _aLa vida y los tiempos de Jesús el Mesías.
_n2 /
_cAlfred Edersheim.
264 1 _aBarcelona :
_bClie,
_c1989.
300 _a853 páginas ;
_c24 cm.
336 _atext
_2rdacontent
337 _aunmediated
_2rdamedia
338 _avolume
_2rdacarrier
504 _aIncluye bibliografía.
505 0 _aEl descenso: desde el monte de la transfiguración al valle de la humillación y de la muerte. -La cruz y la corona.
526 _aSEG42
526 _aSEG41
526 _aSEG40
526 _aSEG39
526 _aP94
526 _aP87
526 _aP86
526 _aP85
526 _aP77
526 _aP76
526 _aP35
650 0 4 _aPARÁBOLAS BÍBLICAS.
_91498
650 0 4 _aCRUCIFIXIÓN DE JESÚS.
942 _2ddc
_cBOOK
949 _a232 E23V 2
_wDEWEY
_c1
_i54234
_lCCODEBUL1
_mBUL
_p17.00
_r0
_sY
_tBOOK
_u2015-06-24
_xTEOLOGIA
_PP35
_0COMPRA
_o.STAFF. Colección General
596 _a1
999 _a232 E23V 2
_wDEWEY
_c35136
_i54234
_d35136
_f2021-11-9
_g5
_lCCODEBUL1
_mBUL
_p17.00
_q1
_r0
_sY
_tBOOK
_u2015-6-24
_xTEOLOGIA
_PP35
_0COMPRA
_o.STAFF. Colección General
980 _81
_gALBERTO SANCHEZ Responsable de Automatización